Esti ének [vers] /
Elmentve itt :
| Szerző: | |
|---|---|
| Dokumentumtípus: | Cikk |
| Megjelent: |
1965
|
| Sorozat: | Tiszatáj
19 No. 10 |
| Kulcsszavak: | Magyar irodalom - vers |
| Online Access: | http://tiszataj.bibl.u-szeged.hu/3859 |
| LEADER | 00558nab a2200181 i 4500 | ||
|---|---|---|---|
| 001 | tisza3859 | ||
| 005 | 20200330123618.0 | ||
| 008 | 170405s1965 hu o 0|| hun d | ||
| 022 | |a 0133-1167 | ||
| 040 | |a SZTE Tiszatáj Archívum |b hun | ||
| 041 | |a hun | ||
| 100 | 1 | |a Szepesi Attila | |
| 245 | 1 | 0 | |a Esti ének |h [elektronikus dokumentum] : |b [vers] / |c Szepesi Attila |
| 260 | |c 1965 | ||
| 300 | |a 748 | ||
| 490 | 0 | |a Tiszatáj |v 19 No. 10 | |
| 695 | |a Magyar irodalom - vers | ||
| 856 | 4 | 0 | |u http://tiszataj.bibl.u-szeged.hu/3859/1/tiszataj_1965_010_748.pdf |z Dokumentum-elérés |